000 00742cam a2200277 4500
008 090401t1997 xxu||||| |||| 00| 0 eng d
020 _a1857120663
035 _a(Sirsi) u82750
041 _aeng
050 _a657.7
_c18
110 _aAccounting Standards Board
_93454
240 _aFRS 10
245 _aGoodwill and intangible assets.
260 _aMilton Keynes
_bASB Publications
_c1997
300 _a77p. ; 21cm.
350 _a9
490 _aASB Financial Reporting Standard
_v10
650 _aACCOUNTING STANDARDS
650 _aFINANCIAL REPORTING
650 _aFRS 2
650 _aGOODWILL
650 _aINTANGIBLE ASSETS
690 _aPROPERTY-PROPERTY FINANCE AND INVESTMENT
942 _n0
948 _c17/12/1997
999 _c96830
_d96830